La composition pénale : Une première évaluation (notice n° 2208469)
[ vue normale ]
| 000 -LEADER | |
|---|---|
| fixed length control field | 01056cam a2200145 4500500 |
| 005 - DATE AND TIME OF LATEST TRANSACTION | |
| control field | 20260405090838.0 |
| 041 ## - LANGUAGE CODE | |
| Language code of text/sound track or separate title | fre |
| 042 ## - AUTHENTICATION CODE | |
| Authentication code | dc |
| 100 10 - MAIN ENTRY--PERSONAL NAME | |
| Personal name | Grunvald, Sylvie |
| Relator term | author |
| 245 00 - TITLE STATEMENT | |
| Title | La composition pénale : Une première évaluation |
| 260 ## - PUBLICATION, DISTRIBUTION, ETC. | |
| Name of publisher, distributor, etc. | L'Harmattan,<br/> |
| Date of publication, distribution, etc. | 2005.<br/> |
| 520 ## - SUMMARY, ETC. | |
| Summary, etc. | De nouveaux modes de traitement des délits sont apparus depuis 1999. Parmi eux, la composition pénale est à la fois un mode d'évitement du procès correctionnel, un traitement en amont des poursuites et une procédure conduisant à l'exécution d'une sanction. Elle permet une meilleure gestion des flux judiciaires, tout en recherchant l'adhésion de l'auteur de l'infraction à la sanction. Cette étude révèle une grande diversité de modèles pratiques. Mais elle rencontre un incontestable succès auprès des parquets qui y recourent, comme auprès des justiciables à qui elle est proposée. |
| 700 10 - ADDED ENTRY--PERSONAL NAME | |
| Personal name | Danet, Jean |
| Relator term | author |
| 856 41 - ELECTRONIC LOCATION AND ACCESS | |
| Uniform Resource Identifier | <a href="https://droit.cairn.info/La-composition-penale--9782747578813?lang=fr&redirect-ssocas=7080">https://droit.cairn.info/La-composition-penale--9782747578813?lang=fr&redirect-ssocas=7080</a> |
Pas d'exemplaire disponible.




Réseaux sociaux